| 000 | 00662nam a2200217 a 4500 | ||
|---|---|---|---|
| 001 | 16290 | ||
| 003 | CO-ViMGA | ||
| 008 | 141112s2004 ck r 000 u spa d | ||
| 020 | _a9580638929 | ||
| 040 |
_aCO-ViMGA _bspa _cCO-ViMGA |
||
| 082 | 0 | 4 | _a301.243 A724m |
| 100 | 1 |
_aArchila, Mauricio; Pardo, Mauricio _923293 |
|
| 245 | 1 | 0 | _aMovimientos sociales, Estado y democracia en Colombia |
| 260 |
_aBogotá : _bUniversidad Nacional de Colombia, _c2001 |
||
| 300 | _a549.p. | ||
| 590 | _aForma de adquisición : Premio - Mincultura | ||
| 650 | 1 | 4 | _aDEMOCRACIA - COLOMBIA |
| 650 | 1 | 4 |
_aLUCHAS SOCIALES _919790 |
| 650 | 1 | 4 | _aMOVIMIENTOS SOCIALES |
| 942 |
_2ddc _cBK |
||
| 999 |
_c26187 _d26187 |
||